[Event "FB23 1920 SC Bavaria Regensburg 1881 - "]
[Site "?"]
[Date "2020.02.16"]
[Round "7.2"]
[White "Leuchsenring, Christina"]
[Black "Ries, Jutta"]
[Result "1/2-1/2"]
[WhiteElo "1933"]
[BlackElo "1993"]
[PlyCount "85"]
[EventDate "2020.??.??"]

1. e4 Nf6 2. e5 Nd5 3. d4 d6 4. c4 Nb6 5. exd6 exd6 6. Bd3 Nc6 7. Ne2 Nb4 8.
Nbc3 Nxd3+ 9. Qxd3 Be7 10. O-O O-O 11. a4 d5 12. c5 Nc4 13. Nf4 c6 14. b3 Na5
15. Nce2 g6 16. Ng3 Bf6 17. Bd2 Qc7 18. Qc3 Bd8 19. Rfe1 b6 20. Nd3 Bf6 21. Bf4
Qd8 22. Bd6 Re8 23. Rxe8+ Qxe8 24. Re1 Be6 25. Nf4 Qd7 26. Be5 Bxe5 27. Rxe5
Re8 28. h3 f6 29. Rxe6 Rxe6 30. Nxe6 Qxe6 31. Qb4 Qe7 32. Qc3 Qd7 33. cxb6 axb6
34. Nf1 Qe7 35. Ne3 Qa3 36. Ng4 Kg7 37. Qe3 g5 38. Qe6 Qa1+ 39. Kh2 Qxd4 40.
Qe7+ Kg6 41. Qe8+ Kg7 42. Qe7+ Kg6 43. Qe8+ 1/2-1/2

[Event "FB23 1920 SC Bavaria Regensburg 1881 - "]
[Site "?"]
[Date "2020.02.16"]
[Round "7.3"]
[White "Wilke, Tabea"]
[Black "Hausmann, Sarah"]
[Result "1-0"]
[WhiteElo "1772"]
[BlackElo "1642"]
[PlyCount "51"]
[EventDate "2020.??.??"]

1. e4 c5 2. Nc3 e6 3. f4 a6 4. Nf3 d5 5. d3 Nf6 6. e5 Nfd7 7. g3 Nc6 8. Ne2 Be7
9. Bg2 f6 10. exf6 Nxf6 11. O-O O-O 12. Bh3 h6 13. Ne5 Qe8 14. Kh1 Bd6 15. Nxc6
Qxc6 16. Ng1 e5 17. Bg2 Bg4 18. Bf3 Bxf3+ 19. Qxf3 Rae8 20. fxe5 Ne4 21. Qg2
Rxf1 22. Qxf1 Rf8 23. Nf3 Bxe5 24. dxe4 dxe4 25. Qc4+ Kh8 26. Nxe5 1-0

[Event "FB23 1920 SC Bavaria Regensburg 1881 - "]
[Site "?"]
[Date "2020.02.16"]
[Round "7.5"]
[White "Schardt, Madeleine"]
[Black "Oberhofer, Marie"]
[Result "0-1"]
[WhiteElo "1845"]
[BlackElo "1739"]
[PlyCount "64"]
[EventDate "2020.??.??"]

1. d4 Nf6 2. Bf4 g6 3. e3 Bg7 4. c3 O-O 5. Nd2 d6 6. h3 Nbd7 7. Ngf3 c5 8. Be2
a6 9. Qc2 b5 10. O-O Bb7 11. a4 b4 12. cxb4 cxd4 13. e4 e5 14. Bg5 Qb6 15. Bxf6
Nxf6 16. a5 Qd8 17. Bd3 Qd7 18. Nc4 Qc6 19. Nb6 Qxc2 20. Bxc2 Rad8 21. Rfe1 Nd7
22. Bd3 Nxb6 23. axb6 Rb8 24. Rec1 Rfc8 25. Rc7 Rxc7 26. bxc7 Rc8 27. Rc1 Kf8
28. b5 axb5 29. Bxb5 Ke7 30. Nd2 Bh6 31. Rc2 Bxd2 32. Rxd2 Bxe4 0-1

[Event "FB23 1920 SC Bavaria Regensburg 1881 - "]
[Site "?"]
[Date "2020.02.16"]
[Round "7.6"]
[White "Schilay, Eva"]
[Black "Lerch, Cornelia"]
[Result "1-0"]
[WhiteElo "1671"]
[BlackElo "1832"]
[PlyCount "79"]
[EventDate "2020.??.??"]

1. e4 d5 2. exd5 Qxd5 3. Nc3 Qd8 4. d4 Nf6 5. Bc4 h6 6. Bf4 Bg4 7. Qd3 e6 8.
Nb5 Bf5 9. Nxc7+ Qxc7 10. Bxc7 Bxd3 11. Bxd3 Be7 12. Nf3 Nbd7 13. c3 Rc8 14.
Bf4 O-O 15. O-O Rfd8 16. Rae1 a6 17. Ne5 Nd5 18. Bg3 N7f6 19. f4 Nh5 20. f5
Nxg3 21. hxg3 exf5 22. Rxf5 Bf6 23. Ng4 Bg5 24. Rfe5 f6 25. Re6 Kf7 26. Kf2 h5
27. Nh2 h4 28. gxh4 Bxh4+ 29. g3 Bg5 30. Nf3 Bh6 31. Nh4 g5 32. Nf3 Bf8 33. Nh2
Rc7 34. Ng4 Bg7 35. a3 Ne7 36. Bb1 f5 37. Ba2 Nd5 38. Nh6+ Bxh6 39. Rxh6 Re7
40. Bxd5+ 1-0

[Event "FB23 1920 FC Bayern München - SK Freib"]
[Site "?"]
[Date "2020.02.16"]
[Round "7.3"]
[White "Hund, Sarah"]
[Black "Ankerst, Milka"]
[Result "1-0"]
[WhiteElo "2011"]
[BlackElo "2004"]
[PlyCount "57"]
[EventDate "2020.??.??"]

1. e4 c5 2. Nc3 Nc6 3. Bb5 g6 4. Bxc6 dxc6 5. d3 Bg7 6. Be3 b6 7. Qd2 e5 8.
Nge2 Be6 9. O-O Nf6 10. h3 O-O 11. Bg5 Qd7 12. f4 exf4 13. Nxf4 Ne8 14. Rae1
Nc7 15. e5 Qd4+ 16. Kh1 Bxe5 17. Be7 Rfe8 18. Re4 Qd7 19. Rxe5 Rxe7 20. Ne4 Ne8
21. Nh5 Qc7 22. Nhf6+ Nxf6 23. Nxf6+ Kg7 24. Rh5 Bf5 25. Rhxf5 Re6 26. R5f2 Rd8
27. Nxh7 Rd7 28. Ng5 Ree7 29. Rxf7+ 1-0

[Event "FB23 1920 SC Rochade Zeulenroda - SV St"]
[Site "?"]
[Date "2020.02.16"]
[Round "7.1"]
[White "Li, Zhuoling"]
[Black "Wagner, Victoria"]
[Result "1-0"]
[WhiteElo "2178"]
[BlackElo "1742"]
[PlyCount "69"]
[EventDate "2020.??.??"]

1. e4 c5 2. Nf3 d6 3. d4 cxd4 4. Nxd4 Nf6 5. Nc3 a6 6. Be2 e5 7. Nb3 Be7 8. Be3
O-O 9. g4 Nbd7 10. g5 Ne8 11. Rg1 Nc7 12. Qd2 Rb8 13. O-O-O b6 14. h4 Nc5 15.
h5 g6 16. f4 exf4 17. Bxf4 N7e6 18. Bxd6 Bxd6 19. Qxd6 Qxd6 20. Rxd6 Nxb3+ 21.
axb3 Nf4 22. Bd1 b5 23. hxg6 fxg6 24. b4 Ra8 25. Bg4 Bxg4 26. Rxg4 Nh3 27. Nd5
Rf1+ 28. Kd2 Raf8 29. Nf6+ Kg7 30. e5 Rf2+ 31. Kd3 Rf1 32. Rd7+ Rf7 33. e6 Rd1+
34. Ke2 Rfxd7 35. exd7 1-0

[Event "FB23 1920 SC Rochade Zeulenroda - SV St"]
[Site "?"]
[Date "2020.02.16"]
[Round "7.2"]
[White "Wagner, Margarethe"]
[Black "Timofeeva, Galina"]
[Result "1-0"]
[WhiteElo "1815"]
[BlackElo "2050"]
[PlyCount "105"]
[EventDate "2020.??.??"]

1. e4 c5 2. Nf3 e6 3. d4 cxd4 4. Nxd4 a6 5. Bd3 Nf6 6. c4 e5 7. Nb3 d6 8. O-O
Nc6 9. a3 Be7 10. Kh1 O-O 11. f3 Nh5 12. Be3 Bg5 13. Bf2 Nf4 14. Nc3 Qf6 15.
Re1 Ne7 16. Bf1 Qh6 17. Ne2 Nxe2 18. Qxe2 Ng6 19. Nc1 Nf4 20. Qd1 Be7 21. Ne2
Nxe2 22. Qxe2 Be6 23. Rad1 Rac8 24. b3 Rfd8 25. Qe3 g5 26. Bd3 Qg6 27. g4 h5
28. h3 Kg7 29. Kg2 Bd7 30. Qb6 Bc6 31. b4 hxg4 32. hxg4 Ba4 33. Rc1 Rb8 34. b5
axb5 35. cxb5 Rh8 36. Qc7 Qf6 37. Rh1 Rbc8 38. Qxc8 Rxc8 39. Rxc8 Bf8 40. Bc4
d5 41. Bxd5 Bxb5 42. Rc7 Be8 43. a4 b6 44. Rb1 Bd6 45. Rxb6 Bxc7 46. Rxf6 Kxf6
47. Bb3 Ke7 48. Bc5+ Bd6 49. Bb6 f6 50. Kf2 Bb4 51. Ke2 Bc6 52. Kd3 Bb7 53. Bc4
1-0

[Event "FB23 1920 SC Rochade Zeulenroda - SV St"]
[Site "?"]
[Date "2020.02.16"]
[Round "7.3"]
[White "Siegl, Melina"]
[Black "Jacke, Corinna"]
[Result "1/2-1/2"]
[WhiteElo "2004"]
[BlackElo "1946"]
[PlyCount "37"]
[EventDate "2020.??.??"]

1. e4 e6 2. d3 g6 3. g3 Bg7 4. Bg2 Ne7 5. Nf3 c5 6. O-O Nbc6 7. Re1 d6 8. c3
Qb6 9. Na3 O-O 10. Qe2 d5 11. e5 a6 12. h4 h5 13. Bf4 Bd7 14. Qd2 Rac8 15. Bh3
Kh7 16. Rab1 Qa5 17. Nc2 b5 18. a3 Qc7 19. d4 1/2-1/2

[Event "FB23 1920 SC Rochade Zeulenroda - SV St"]
[Site "?"]
[Date "2020.02.16"]
[Round "7.4"]
[White "Riemer-Nlula, Marion"]
[Black "Kobald, Jacqueline"]
[Result "1/2-1/2"]
[WhiteElo "1807"]
[BlackElo "1872"]
[PlyCount "53"]
[EventDate "2020.??.??"]

1. e4 c5 2. d4 cxd4 3. c3 Nf6 4. e5 Nd5 5. cxd4 b6 6. Nf3 e6 7. Be2 Be7 8. O-O
Ba6 9. Nc3 Nxc3 10. bxc3 Qc7 11. Bxa6 Nxa6 12. Qd3 Nb8 13. c4 d6 14. Ba3 Nd7
15. Rfe1 O-O 16. d5 Nc5 17. Bxc5 Qxc5 18. dxe6 fxe6 19. exd6 Bxd6 20. Rxe6 Rad8
21. Qe2 Qh5 22. h3 Bc5 23. Rd1 Rxd1+ 24. Qxd1 Qf5 25. Qe2 Qb1+ 26. Kh2 Qf5 27.
Re4 1/2-1/2

[Event "FB23 1920 SC Rochade Zeulenroda - SV St"]
[Site "?"]
[Date "2020.02.16"]
[Round "7.5"]
[White "Mijatovic, Andrea"]
[Black "Dietrich, Mareike"]
[Result "1-0"]
[WhiteElo "1955"]
[BlackElo "1697"]
[PlyCount "75"]
[EventDate "2020.??.??"]

1. e4 c5 2. Nf3 d6 3. d4 cxd4 4. Nxd4 Nf6 5. Nc3 a6 6. Be3 e6 7. a3 b5 8. g3
Bb7 9. Bg2 Be7 10. O-O Qc7 11. Qe2 Nbd7 12. f4 O-O 13. Rad1 Nb6 14. e5 Bxg2 15.
Qxg2 Nfd5 16. Nxd5 Nxd5 17. exd6 Bxd6 18. Bf2 Bc5 19. c3 Rad8 20. Rfe1 Rfe8 21.
f5 e5 22. Nc2 Bxf2+ 23. Qxf2 f6 24. Qf3 Qc5+ 25. Kg2 Ne7 26. Ne3 a5 27. Qe4 Kf7
28. g4 g6 29. h3 h5 30. fxg6+ Nxg6 31. gxh5 Nf4+ 32. Kf3 Qc8 33. Qh7+ Kf8 34.
Nf5 Qc6+ 35. Re4 Ne6 36. Qh8+ Kf7 37. Nh6+ Ke7 38. Qh7+ 1-0

[Event "FB23 1920 Kisschess - SG Augsburg 1873"]
[Site "?"]
[Date "2020.02.16"]
[Round "7.1"]
[White "Horvath, Maria"]
[Black "Sukandar, Irine Kharisma"]
[Result "0-1"]
[WhiteElo "1975"]
[BlackElo "2408"]
[PlyCount "100"]
[EventDate "2020.??.??"]

1. d4 Nf6 2. Nf3 e6 3. e3 b6 4. Bd3 Bb7 5. Nbd2 d5 6. b3 Be7 7. Bb2 O-O 8. O-O
c5 9. Ne5 Nc6 10. a3 a6 11. f4 b5 12. c3 c4 13. bxc4 bxc4 14. Bc2 Rb8 15. Rf3
Ba8 16. Ra2 g6 17. Rh3 Qa5 18. Ba1 Rfe8 19. Qf3 Bf8 20. g4 Bg7 21. g5 Nxe5 22.
fxe5 Ne4 23. Nxe4 dxe4 24. Qf4 Qd8 25. Qh4 Kf8 26. Bb2 Qa5 27. Ba1 Ke7 28. Qf4
Rh8 29. a4 Bc6 30. Rb2 Qc7 31. Rb4 Bd5 32. Bb2 Rxb4 33. cxb4 c3 34. Ba3 Ke8 35.
Qf1 Bc4 36. Qb1 Bf8 37. a5 Be7 38. Rg3 Bd5 39. Rg2 Qc6 40. Qd1 Kf8 41. Qb1 h6
42. gxh6 Rxh6 43. Rf2 Rh5 44. Rf4 Rg5+ 45. Kh1 Rf5 46. Rxf5 exf5 47. b5 axb5
48. Bxe7+ Kxe7 49. Qg1 b4 50. Qg5+ Ke8 0-1

[Event "FB23 1920 Kisschess - SG Augsburg 1873"]
[Site "?"]
[Date "2020.02.16"]
[Round "7.3"]
[White "Nentwig, Nicole"]
[Black "Radeva, Viktoria"]
[Result "0-1"]
[WhiteElo "1878"]
[BlackElo "2320"]
[PlyCount "40"]
[EventDate "2020.??.??"]

1. e4 c5 2. Nf3 e6 3. c4 Nc6 4. Na3 e5 5. d3 d6 6. Be2 f5 7. Ng5 Nf6 8. Nb5 Be7
9. h3 f4 10. Bd2 O-O 11. Nf3 Bd7 12. a3 a6 13. Nc3 Rb8 14. Nd5 b5 15. cxb5 Rxb5
16. Nxe7+ Qxe7 17. Qc2 Rfb8 18. O-O Rxb2 19. Qc4+ Be6 20. Qxa6 R2b6 0-1

[Event "FB23 1920 Kisschess - SG Augsburg 1873"]
[Site "?"]
[Date "2020.02.16"]
[Round "7.4"]
[White "Gaboyan, Susanna"]
[Black "Specht, Maria"]
[Result "1-0"]
[WhiteElo "2195"]
[BlackElo "1855"]
[PlyCount "55"]
[EventDate "2020.??.??"]

1. e4 c5 2. c3 Nc6 3. d4 cxd4 4. cxd4 d5 5. exd5 Qxd5 6. Nf3 e6 7. Nc3 Qd8 8.
Bc4 a6 9. O-O b5 10. Bb3 Na5 11. Bc2 Bb7 12. Re1 Bb4 13. a4 Bxc3 14. bxc3 Ne7
15. Ng5 h6 16. Qh5 g6 17. Qh3 Bd5 18. Bf4 Nac6 19. Ne4 Nf5 20. axb5 axb5 21.
Rxa8 Qxa8 22. Nf6+ Kd8 23. Nxd5 exd5 24. Bxf5 gxf5 25. Qxf5 Ne7 26. Qe5 Qa7 27.
Qxh8+ Kd7 28. Qf6 1-0

[Event "FB23 1920 Kisschess - SG Augsburg 1873"]
[Site "?"]
[Date "2020.02.16"]
[Round "7.5"]
[White "Todorova, Kalina"]
[Black "Mehling, Katharina"]
[Result "1/2-1/2"]
[WhiteElo "1795"]
[BlackElo "2009"]
[PlyCount "67"]
[EventDate "2020.??.??"]

1. d4 Nf6 2. c4 g6 3. Nc3 Bg7 4. e4 d6 5. Nf3 O-O 6. Bd3 Nc6 7. h3 e5 8. Be3 h6
9. Qd2 Kh7 10. d5 Nb4 11. Bb1 a5 12. c5 Ne8 13. a3 Na6 14. b4 dxc5 15. b5 Nb8
16. Bxc5 Nd6 17. Qe2 Nd7 18. Be3 Qe7 19. Nd2 f5 20. f3 Nf6 21. Bc2 Nh5 22. Bf2
Qg5 23. O-O-O Qe7 24. a4 c6 25. Bc5 Ng3 26. Qd3 Nxh1 27. dxc6 Nf2 28. Bxf2 fxe4
29. Ndxe4 Nxe4 30. Nxe4 Bf5 31. Bc5 Qxc5 32. Nxc5 Bxd3 33. Bxd3 bxc6 34. bxc6
1/2-1/2

[Event "FB23 1920 Kisschess - SG Augsburg 1873"]
[Site "?"]
[Date "2020.02.16"]
[Round "7.6"]
[White "Reichert, Claudia"]
[Black "Muench, Ursula"]
[Result "0-1"]
[WhiteElo "1680"]
[BlackElo "1793"]
[PlyCount "60"]
[EventDate "2020.??.??"]

1. c4 Nf6 2. g3 g6 3. Bg2 Bg7 4. Nc3 O-O 5. Nf3 c5 6. O-O Nc6 7. Rb1 d5 8. cxd5
Nxd5 9. Nxd5 Qxd5 10. b3 Qd8 11. Bb2 Nd4 12. e3 Nxf3+ 13. Bxf3 Rb8 14. Bxg7
Kxg7 15. Qc1 Qd6 16. Rd1 Bf5 17. Qc3+ e5 18. Rbc1 b6 19. d4 cxd4 20. Qc7 Qxc7
21. Rxc7 Rfc8 22. Rxc8 Rxc8 23. exd4 exd4 24. Rxd4 Bh3 25. Rc4 Rxc4 26. bxc4
Kf6 27. Bd5 Be6 28. Bxe6 Kxe6 29. f4 Kd6 30. Kf2 Kc5 0-1